<?xml version="1.0" encoding="UTF-8"?><?xml-stylesheet type="text/xsl" href="static/style.xsl"?><OAI-PMH xmlns="http://www.openarchives.org/OAI/2.0/" xmlns:xsi="http://www.w3.org/2001/XMLSchema-instance" xsi:schemaLocation="http://www.openarchives.org/OAI/2.0/ http://www.openarchives.org/OAI/2.0/OAI-PMH.xsd"><responseDate>2026-06-29T02:33:39Z</responseDate><request verb="GetRecord" identifier="oai:docta.ucm.es:20.500.14352/114696" metadataPrefix="marc">https://docta.ucm.es/rest/oai/request</request><GetRecord><record><header><identifier>oai:docta.ucm.es:20.500.14352/114696</identifier><datestamp>2025-03-18T12:09:00Z</datestamp><setSpec>com_20.500.14352_14</setSpec><setSpec>col_20.500.14352_15</setSpec></header><metadata><record xmlns="http://www.loc.gov/MARC21/slim" xmlns:dcterms="http://purl.org/dc/terms/" xmlns:xsi="http://www.w3.org/2001/XMLSchema-instance" xmlns:doc="http://www.lyncode.com/xoai" xsi:schemaLocation="http://www.loc.gov/MARC21/slim http://www.loc.gov/standards/marcxml/schema/MARC21slim.xsd">
   <leader>00925njm 22002777a 4500</leader>
   <datafield ind2=" " ind1=" " tag="042">
      <subfield code="a">dc</subfield>
   </datafield>
   <datafield ind2=" " ind1=" " tag="720">
      <subfield code="a">Vartabedian Cabral, Julieta Luciana</subfield>
      <subfield code="e">author</subfield>
   </datafield>
   <datafield ind2=" " ind1=" " tag="260">
      <subfield code="c">2024</subfield>
   </datafield>
   <datafield ind2=" " ind1=" " tag="520">
      <subfield code="a">Basado en el trabajo etnográfico que realicé junto a un grupo de travestis brasileñas trabajadoras del sexo en Río de Janeiro y Barcelona, en este artículo pretendo analizar las formas en que ellas emplean las tecnologías para transformar y embellecer unos cuerpos que cuestionan el modelo biomédico de nuestra sociedad: sus cuerpos no son leídos como “dóciles”, “saludables” ni “productivos” ya que tampoco “encajan”, ni pretenden encajar, en el binarismo sexual dominante. Por otro lado, la belleza - en tanto campo político y transformador - es uno de los principales elementos que las travestis tienen para encontrar su lugar en el mundo a partir de sus tránsitos (trans)nacionales: mientras se convierten en bellas travestis, están al mismo tiempo construyéndose como sujetas sociales que reclaman cierta inteligibilidad. Por lo tanto, la belleza para las travestis es un espacio (transitorio) de liberación que, en definitiva, pone en evidencia cómo ciertas tecnologías biopolíticas han fallado al producir cuerpos indisciplinados y bellas travestis que - con su supervivencia - se rebelan frente a un poder heteronormativo que considera que sus cuerpos no son dignos de duelo y, en consecuencia, “merecen morir”.</subfield>
   </datafield>
   <datafield ind1="8" ind2=" " tag="024">
      <subfield code="a">1413-8123</subfield>
   </datafield>
   <datafield ind1="8" ind2=" " tag="024">
      <subfield code="a">10.1590/1413-81232024292.03412023</subfield>
   </datafield>
   <datafield ind1="8" ind2=" " tag="024">
      <subfield code="a">https://hdl.handle.net/20.500.14352/114696</subfield>
   </datafield>
   <datafield ind1="8" ind2=" " tag="024">
      <subfield code="a">https://doi.org/10.1590/1413-81232024292.03412023</subfield>
   </datafield>
   <datafield ind1="8" ind2=" " tag="024">
      <subfield code="a">https://doi.org/10.1590/1413-81232024292.03412023EN</subfield>
   </datafield>
   <datafield ind2="0" ind1="0" tag="245">
      <subfield code="a">El fracaso de las biopolíticas posmodernas: algunos apuntes sobre las tecnologías y prácticas de embellecimiento travestis</subfield>
   </datafield>
</record></metadata></record></GetRecord></OAI-PMH>